Text book of Hospital and Clinincal Pharmacy (Record no. 8663)

MARC details
000 -LEADER
fixed length control field 00402nam a22001577a 4500
003 - CONTROL NUMBER IDENTIFIER
control field OSt
008 - FIXED-LENGTH DATA ELEMENTS--GENERAL INFORMATION
fixed length control field 200701b ||||| |||| 00| 0 eng d
020 ## - INTERNATIONAL STANDARD BOOK NUMBER
International Standard Book Number 8185731012
100 ## - MAIN ENTRY--PERSONAL NAME
Personal name Dandiya , P.C.and Mathur, Mukul
245 ## - TITLE STATEMENT
Title Text book of Hospital and Clinincal Pharmacy
250 ## - EDITION STATEMENT
Edition statement 12th
260 ## - PUBLICATION, DISTRIBUTION, ETC. (IMPRINT)
Place of publication, distribution, etc New Delhi
Name of publisher, distributor, etc Vallabh
Date of publication, distribution, etc 2018
300 ## - PHYSICAL DESCRIPTION
Extent 280
650 ## - SUBJECT ADDED ENTRY--TOPICAL TERM
Topical term or geographic name as entry element Hospital Pharmacy
942 ## - ADDED ENTRY ELEMENTS (KOHA)
Source of classification or shelving scheme Dewey Decimal Classification
Koha item type Text Books
942 ## - ADDED ENTRY ELEMENTS (KOHA)
-- 12
Holdings
Withdrawn status Lost status Source of classification or shelving scheme Damaged status Not for loan Collection code Home library Current library Date acquired Source of acquisition Currency Cost, normal purchase price Bill Number Total Checkouts Acc. no. / Barcode Date last seen Date last borrowed Actual Cost, discounted price Bill Date Koha item type Shelving location
    Dewey Decimal Classification     B.Pharma PIET C-LIBRARY PIET C-LIBRARY 11/01/2020 Kirti Praskshan IN Rupees 190.00 IN6014 4 BP558 14/03/2022 28/02/2022 153.90 11/01/2020 Text Books  
    Dewey Decimal Classification     B.Pharma PIET C-LIBRARY PIET C-LIBRARY 11/01/2020 Kirti Praskshan IN Rupees 190.00 IN6014   BP559 01/07/2020   153.90 11/01/2020 Reference Books Ref. Sec. R11
    Dewey Decimal Classification     B.Pharma PIET C-LIBRARY PIET C-LIBRARY 11/01/2020 Kirti Praskshan IN Rupees 190.00 IN6014 8 BP560 10/03/2023 20/02/2023 153.90 11/01/2020 Text Books  

Design & Developed by: PIET Central Library
R70 Miles Stone Pattikalyana Samalkha Panipat 132102
mail ID :- [email protected], Phone No:- 0180-2569700 Ex.216